Brawl Stars: Retropolis Skins by Picture - Statistics

General Stats
  • This quiz has been taken 21 times
  • The average score is 5 of 6
Answer Stats
Picture Answer % Correct
Bakesale Barley
87%
Rockabilly Mortis
87%
Hot Rod Brock
80%
V8-Bit
80%
Lavish Lola
73%
Road Rage Carl
73%
No matching quizzes found
Score Distribution
Percent of People with Each Score
Percentile by Number Answered
Your Score History
You have not taken this quiz